000 00599nam a2200217Ia 4500
005 20251121202735.0
008 230125s9999 xx 000 0 und d
020 _a978-81-8495-104-2
041 _aeng
082 _a158.1
_bJAM
100 _aJampolsky L
_9215383
245 _aSmile For No Good Reason : 12 Principles For Lasting Happiness
260 _c2011
_bJaico Publishing House
_aMumbai
300 _a239p
_cPaper Back
440 _v1
500 _aPersonality Development
650 _aPersonality Development
_9213420
700 _aJampolsky L
_9215383
906 _b27
942 _cBK
999 _c95698
_d95698